| 000 | 00644nam a2200229 i 4500 | ||
|---|---|---|---|
| 001 | 105855 | ||
| 003 | ES-MaACL | ||
| 005 | 20250911062650.0 | ||
| 007 | t| | ||
| 008 | 030912s1967 sp ||||1| spa d | ||
| 080 | _a821.134.2-31"19" | ||
| 100 | 1 |
_aDelibes, Miguel, _d1920-2010 _9233557 |
|
| 245 | 1 | 0 |
_aCinco horas con Mario / _cMiguel Delibes. |
| 250 | _a2ª ed. | ||
| 260 |
_aBarcelona : _bDestino, _c1967. |
||
| 300 |
_a296 p. ; _c19 cm. |
||
| 490 | 1 |
_aAncora y delfín ; _v281 |
|
| 500 | _aBiblioteca Juan Andrade. | ||
| 830 | 0 | 0 |
_aÁncora y Delfín _v281 _9151298 |
| 852 |
_aES-MaACL _jAND-685 _bR.109981 |
||
| 999 |
_c105855 _d105855 |
||